000 00712nam a22002177a 4500
005 20170712114416.0
010 _aENG-111212
020 _a9780199453344
_c995.00
035 _aEN-94744
037 _bDBAD/PUB
082 _a332.042
245 _aManaging Capital Flows :
_bissues in selected emerging market economies /
_cedited by Bruno Carrasco ; Subir Gokarn [and] Hiranya Mukhopadhyay
260 _aNew Delhi
_bOxford University Press
_c2014
270 _aYMCA Library building, 1 Jai Singh Road
_bNew Delhi
_e110001
300 _axxxiii, 286p.
_c22cm(Hb)
500 _aIncludes index
700 _aCarrasco, Bruno
700 _aGokarn, Subir
700 _aMukhopadhyay, Hiranya
942 _2ddc
_cEN
_mMAN
999 _c90009
_d90009